[Event "Denizli op"]
[Site "Denizli"]
[Date "2025.07.11"]
[Round "7"]
[White "Manish, Anto Cristiano F"]
[Black "Biyiksiz, Ali Batuhan"]
[Result "1-0"]
[WhiteElo "2358"]
[BlackElo "2052"]
[PlyCount "65"]
[EventDate "2025.07.07"]
[EventType "swiss"]
[EventRounds "9"]
[EventCountry "TUR"]
[SourceTitle "CB29_2025"]
[SourceDate "2025.07.16"]
[SourceVersion "1"]
[SourceVersionDate "2025.07.16"]
[SourceQuality "1"]

1. e4 e5 2. Nf3 Nc6 3. Bb5 a6 4. Ba4 Nge7 5. 0-0 Ng6 6. Re1 Bc5 7. c3 0-0 8. d4 exd4 9. cxd4 Bb4 10. Nc3 b5 11. Bb3 Na5 12. Bc2 Nc4 13. e5 d6 14. Ng5 dxe5 15. Qh5 h6 16. Nxf7 Rxf7 17. Qxg6 Qxd4 18. Be3 Nxe3 19. fxe3 Qg4 20. Qh7+ Kf8 21. Nd5 Ke8 22. Bg6 Be6 23. Nxb4 Qxb4 24. Qxg7 Rd8 25. Rf1 Rdd7 26. Rxf7 Bxf7 27. Rf1 Qf8 28. Qxe5+ Kd8 29. Qf6+ Qe7 30. Qxe7+ Rxe7 31. Rxf7 Rxe3 32. Kf2 Re6 33. Rf8+ 1-0

[Event "Denizli op"]
[Site "Denizli"]
[Date "2025.07.10"]
[Round "5"]
[White "Manish, Anto Cristiano F"]
[Black "Yakubbaeva, Nilufar"]
[Result "0-1"]
[WhiteElo "2358"]
[BlackElo "2161"]
[PlyCount "89"]
[EventDate "2025.07.07"]
[EventType "swiss"]
[EventRounds "9"]
[EventCountry "TUR"]
[SourceTitle "CB29_2025"]
[SourceDate "2025.07.16"]
[SourceVersion "1"]
[SourceVersionDate "2025.07.16"]
[SourceQuality "1"]

1. e4 e5 2. Nf3 Nc6 3. Bc4 Bc5 4. c3 Nf6 5. d3 d6 6. 0-0 0-0 7. Bb3 h6 8. Nbd2 Re8 9. Re1 a6 10. h3 Be6 11. Bc2 Ba7 12. Nf1 d5 13. Qe2 Qd7 14. Ng3 Rad8 15. a4 a5 16. Bd2 Qe7 17. Rad1 d4 18. Nh4 Qf8 19. Kh1 Bc5 20. Nhf5 Kh7 21. f4 Nd7 22. Rf1 g6 23. Nxh6 exf4 24. Bxf4 Bd6 25. Ng4 Qg7 26. Bxd6 cxd6 27. Qd2 Bxg4 28. hxg4 Nde5 29. Bb3 Qh6+ 30. Qxh6+ Kxh6 31. Bxf7 Re7 32. Bd5 Nxg4 33. Bxc6 bxc6 34. Rd2 dxc3 35. bxc3 d5 36. exd5 Rxd5 37. d4 c5 38. Re2 Rxe2 39. Nxe2 Ne3 40. Rb1 cxd4 41. cxd4 Kg5 42. Rb3 Nc2 43. Rb5 Ne3 44. Nc3 Rf5 45. Kg1 0-1

[Event "Ankara Baskent Univ op 8th"]
[Site "Ankara"]
[Date "2025.07.04"]
[Round "6"]
[White "Guven, Oguz Kagan"]
[Black "Manish, Anto Cristiano F"]
[Result "1/2-1/2"]
[WhiteElo "2110"]
[BlackElo "2358"]
[PlyCount "156"]
[EventDate "2025.07.01"]
[EventType "swiss"]
[EventRounds "9"]
[EventCountry "TUR"]
[SourceTitle "CB28_2025"]
[SourceDate "2025.07.09"]
[SourceVersion "1"]
[SourceVersionDate "2025.07.09"]
[SourceQuality "1"]

1. Nf3 Nf6 2. g3 b5 3. Na3 a6 4. c4 b4 5. Nc2 e6 6. a3 bxa3 7. b3 Bb7 8. Bg2 Be7 9. Bxa3 0-0 10. 0-0 Bxa3 11. Rxa3 Qe7 12. Qa1 c5 13. Rb1 d5 14. Ne5 Nbd7 15. Nxd7 Qxd7 16. b4 dxc4 17. Bxb7 Qxb7 18. bxc5 Qd5 19. Ne3 Qxd2 20. Ra2 Qd7 21. Rxa6 Rac8 22. Rd1 Qe7 23. c6 Qc5 24. Rc1 Rxc6 25. Rxc6 Qxc6 26. Rxc4 Qb5 27. Qa4 Qb8 28. Qb4 Qd8 29. Qc3 h6 30. Qb4 Qd7 31. Rd4 Qa7 32. Qa4 Qb6 33. Qb4 Qa6 34. Qd2 Qa8 35. Qc2 Rc8 36. Rc4 Rb8 37. Ra4 Qb7 38. Rc4 Ne8 39. Qd2 Qa6 40. Rc1 Nf6 41. Qc2 Qb5 42. Qc4 Qh5 43. Kg2 Qe5 44. Qf4 Qb2 45. Rc2 Qb7+ 46. Qf3 Qb1 47. Qc6 Qe1 48. Qc3 Qb1 49. Qc6 Rb3 50. Qc8+ Kh7 51. Qc4 Ra3 52. Rc1 Qb7+ 53. Qc6 Qb4 54. Qc4 Qxc4 55. Rxc4 g5 56. Rc7 Kg7 57. Rc4 Rb3 58. h4 Kg6 59. hxg5 hxg5 60. Ng4 Nxg4 61. Rxg4 Rb2 62. Re4 Kf5 63. f3 Kg6 64. Kf2 Rb6 65. Ra4 f5 66. Ra8 Rb4 67. Ra6 Kf6 68. Rc6 Ra4 69. Rb6 g4 70. f4 Ra1 71. Rb5 Rh1 72. Kg2 Rc1 73. Kf2 Ke7 74. Rb6 Kd7 75. Ra6 Rc6 76. Ra8 Rb6 77. Ra3 Kd6 78. Re3 Rb4 1/2-1/2

[Event "Ankara Baskent Univ op 8th"]
[Site "Ankara"]
[Date "2025.07.04"]
[Round "5"]
[White "Topuz, Mirac Melih"]
[Black "Manish, Anto Cristiano F"]
[Result "1/2-1/2"]
[WhiteElo "2090"]
[BlackElo "2358"]
[PlyCount "164"]
[EventDate "2025.07.01"]
[EventType "swiss"]
[EventRounds "9"]
[EventCountry "TUR"]
[SourceTitle "CB28_2025"]
[SourceDate "2025.07.09"]
[SourceVersion "1"]
[SourceVersionDate "2025.07.09"]
[SourceQuality "1"]

1. d4 Nf6 2. c4 e6 3. Nf3 d5 4. Nc3 c6 5. e3 Nbd7 6. Qc2 Bd6 7. g4 h6 8. Bd2 e5 9. dxe5 Nxe5 10. Nxe5 Bxe5 11. h3 dxc4 12. Bxc4 Qe7 13. 0-0-0 Be6 14. Bxe6 Qxe6 15. f4 Bxc3 16. Bxc3 0-0 17. Bxf6 Qxf6 18. Qb3 Qe7 19. h4 Rfe8 20. g5 Qxe3+ 21. Qxe3 Rxe3 22. Rd7 Rb8 23. Rg1 Kf8 24. gxh6 gxh6 25. Rd6 Rbe8 26. Rxh6 Re1+ 27. Rxe1 Rxe1+ 28. Kd2 Rb1 29. Kc2 Rf1 30. Rh8+ Kg7 31. Rb8 b5 32. a4 Rxf4 33. axb5 Rxh4 34. bxc6 Rc4+ 35. Kd3 Rxc6 36. Rb7 a6 37. Ke4 Kg6 38. Kf3 f5 39. b4 Kg5 40. b5 Rc3+ 41. Kf2 axb5 42. Rxb5 Kg4 43. Rb8 Rc2+ 44. Kf1 Rc3 45. Kf2 Ra3 46. Rb7 Ra2+ 47. Kf1 f4 48. Rb3 Rh2 49. Kg1 Ra2 50. Kf1 Rd2 51. Ra3 Kf5 52. Ra5+ Ke4 53. Ra4+ Kf3 54. Ra3+ Kg4 55. Rb3 Ra2 56. Rc3 Rh2 57. Kg1 Re2 58. Kf1 Re8 59. Kf2 Ra8 60. Rb3 Ra2+ 61. Kf1 Ra1+ 62. Kf2 Ra4 63. Rc3 Ra2+ 64. Kf1 Kf5 65. Rb3 Ra4 66. Kf2 Ke4 67. Rb2 Ra3 68. Rb4+ Kf5 69. Rb8 Ra2+ 70. Kf3 Ra3+ 71. Kf2 Ra6 72. Rf8+ Rf6 73. Rxf6+ Kxf6 74. Kf3 Kf5 75. Kf2 Ke4 76. Ke2 f3+ 77. Kf2 Kf4 78. Kf1 Kf5 79. Kf2 Ke4 80. Kf1 Ke3 81. Ke1 f2+ 82. Kf1 Kf3 1/2-1/2

[Event "Ankara Baskent Univ op 8th"]
[Site "Ankara"]
[Date "2025.07.02"]
[Round "2"]
[White "Annaberdiev, Meilis"]
[Black "Manish, Anto Cristiano F"]
[Result "1-0"]
[WhiteElo "2444"]
[BlackElo "2358"]
[PlyCount "77"]
[EventDate "2025.07.01"]
[EventType "swiss"]
[EventRounds "9"]
[EventCountry "TUR"]
[SourceTitle "CB28_2025"]
[SourceDate "2025.07.09"]
[SourceVersion "1"]
[SourceVersionDate "2025.07.09"]
[SourceQuality "1"]

1. d4 Nf6 2. Bg5 d5 3. e3 e6 4. c4 c5 5. Nc3 cxd4 6. exd4 dxc4 7. Bxc4 Be7 8. Nf3 a6 9. a3 b5 10. Ba2 Bb7 11. 0-0 0-0 12. Re1 Nbd7 13. Qe2 Re8 14. Rad1 b4 15. axb4 Bxb4 16. Ne5 Qa5 17. Bb1 Rac8 18. Bd2 Nf8 19. Nd3 Bd6 20. Ne5 Qb6 21. Bg5 Nd5 22. Ne4 Be7 23. Qh5 f6 24. Nxf6+ Nxf6 25. Bxf6 g6 26. Qh4 Qd8 27. Bxe7 Qxe7 28. Qg3 Red8 29. h4 Kh8 30. Qf4 Rd5 31. Rc1 Kg7 32. Rxc8 Bxc8 33. Rc1 Bb7 34. Rc3 Rb5 35. h5 Rxb2 36. Qc1 Qb4 37. Rc7+ Kg8 38. h6 Nd7 39. Rxd7 1-0

[Event "Cesme op-A 11th"]
[Site "Izmir"]
[Date "2025.06.25"]
[Round "4"]
[White "Manish, Anto Cristiano F"]
[Black "Uzdemir, Ali Poyraz"]
[Result "1-0"]
[WhiteElo "2365"]
[BlackElo "2108"]
[PlyCount "79"]
[EventDate "2025.06.23"]
[EventType "swiss"]
[EventRounds "9"]
[EventCountry "TUR"]
[SourceTitle "CB27_2025"]
[SourceDate "2025.07.02"]
[SourceVersion "1"]
[SourceVersionDate "2025.07.02"]
[SourceQuality "1"]

1. d4 Nf6 2. c4 c5 3. d5 e6 4. Nf3 exd5 5. cxd5 d6 6. e4 g6 7. Bd3 Bg7 8. 0-0 0-0 9. h3 b5 10. Re1 c4 11. Bc2 Na6 12. Nd4 Bd7 13. Bf4 Qb6 14. Be3 Nc5 15. Nd2 Qc7 16. Qf3 Rfe8 17. g4 h6 18. Kh1 Qa5 19. Rg1 Nh7 20. Nf5 gxf5 21. gxf5 Kf8 22. Rxg7 Kxg7 23. Qg3+ Kh8 24. Qxd6 Qb6 25. Qxc5 Qxc5 26. Bxc5 f6 27. f4 Rac8 28. Bd4 b4 29. e5 c3 30. bxc3 bxc3 31. Nf3 Bb5 32. exf6 Kg8 33. Rg1+ Kf8 34. Be5 Red8 35. Nd4 Rxd5 36. Ne6+ Ke8 37. Rg7 Rd7 38. Rg8+ Kf7 39. Rxc8 Rd2 40. Ng5+ 1-0

[Event "New Delhi op 21st"]
[Site "New Delhi"]
[Date "2025.06.09"]
[Round "4"]
[White "Petrosyan, Manuel"]
[Black "Manish, Anto Cristiano F"]
[Result "1-0"]
[WhiteElo "2541"]
[BlackElo "2365"]
[PlyCount "123"]
[EventDate "2025.06.07"]
[EventType "swiss"]
[EventRounds "10"]
[EventCountry "IND"]
[SourceTitle "CB26_2025"]
[SourceDate "2025.06.25"]
[SourceVersion "1"]
[SourceVersionDate "2025.06.25"]
[SourceQuality "1"]

1. e4 e5 2. Nf3 Nc6 3. Bc4 Bc5 4. d3 Nf6 5. Nc3 a6 6. 0-0 d6 7. h3 Be6 8. Bxe6 fxe6 9. Ne2 0-0 10. c3 h6 11. Ng3 Ne7 12. Re1 Ng6 13. d4 Bb6 14. Qd3 exd4 15. cxd4 Qe8 16. Be3 Qf7 17. Rac1 d5 18. e5 Nd7 19. Qd2 c6 20. Nh2 Bd8 21. Rf1 Nf4 22. Ne2 Nxe2+ 23. Qxe2 Be7 24. f4 Rac8 25. Nf3 Qg6 26. Qc2 Qxc2 27. Rxc2 c5 28. dxc5 Bxc5 29. Bxc5 Rxc5 30. Rxc5 Nxc5 31. Nd4 a5 32. Rf3 g6 33. g4 Kf7 34. Kf2 Ke7 35. Ke3 Nd7 36. Rf2 Rc8 37. Rc2 Rxc2 38. Nxc2 g5 39. Nd4 gxf4+ 40. Kxf4 Nc5 41. Ke3 Nd7 42. Nf3 Nb8 43. h4 Nc6 44. h5 a4 45. g5 hxg5 46. h6 Kf8 47. Nxg5 Nxe5 48. Nxe6+ Kg8 49. Kd4 Nc4 50. Kc3 Kh7 51. Nf4 Ne3 52. Kd4 Nc2+ 53. Kxd5 Nb4+ 54. Kc4 Nxa2 55. Ne2 Kxh6 56. Kb5 Kg5 57. Kxa4 Kg4 58. Ka3 Kf3 59. Nd4+ Ke3 60. Nb3 Kd3 61. Kxa2 Kc4 62. Na5+ 1-0

[Event "Wch U20 62nd"]
[Site "Petrovac"]
[Date "2025.03.02"]
[Round "6"]
[White "Ilamparthi, AR."]
[Black "Manish, Anto Cristiano F"]
[Result "1-0"]
[WhiteElo "2505"]
[BlackElo "2355"]
[PlyCount "75"]
[EventDate "2025.02.25"]
[EventType "swiss"]
[EventRounds "11"]
[EventCountry "MNE"]
[SourceTitle "CB11_2025"]
[SourceDate "2025.03.12"]
[SourceVersion "1"]
[SourceVersionDate "2025.03.12"]
[SourceQuality "1"]

1. e4 e5 2. Nf3 Nc6 3. Nc3 Nf6 4. Bb5 Nd4 5. 0-0 Nxb5 6. Nxb5 c6 7. Nc3 d6 8. d4 Qc7 9. Bg5 Be7 10. a4 0-0 11. Bxf6 Bxf6 12. d5 Bd7 13. Qd3 Rad8 14. Rfd1 Bc8 15. Qc4 a6 16. Rd3 Qb6 17. a5 Qxb2 18. Rb1 cxd5 19. exd5 Qxc2 20. Ne1 Qxb1 21. Nxb1 Bf5 22. Rd1 Rc8 23. Qb4 Rc5 24. Nc3 Rfc8 25. Ne4 Bxe4 26. Qxe4 Rxa5 27. Qb4 Rac5 28. Qxb7 a5 29. Qa6 e4 30. Qxd6 h6 31. Kf1 Rc1 32. Ke2 Bg5 33. Rxc1 Rxc1 34. Qe5 Rc4 35. d6 Bf6 36. d7 Bxe5 37. d8Q+ Kh7 38. Qd5 1-0

[Event "Titled Tuesday intern op 28th Jan Early"]
[Site "Chess.com INT"]
[Date "2025.01.28"]
[Round "6"]
[White "Korol, Dimitry"]
[Black "Manish, Anto Cristiano F"]
[Result "1-0"]
[WhiteElo "2287"]
[BlackElo "2328"]
[PlyCount "85"]
[EventDate "2025.01.28"]
[EventType "swiss (blitz)"]
[EventRounds "11"]
[EventCountry "USA"]
[SourceTitle "CB06_2025"]
[SourceDate "2025.02.05"]
[SourceVersion "1"]
[SourceVersionDate "2025.02.05"]
[SourceQuality "1"]

1. d4 Nf6 2. c4 e6 3. Nc3 Bb4 4. Qc2 d5 5. cxd5 exd5 6. Bg5 h6 7. Bxf6 Qxf6 8. a3 Bxc3+ 9. Qxc3 c6 10. e3 0-0 11. Ne2 Bf5 12. Ng3 Bg6 13. Be2 Nd7 14. 0-0 a5 15. b4 axb4 16. axb4 Qd6 17. b5 cxb5 18. Bxb5 Nf6 19. Bd3 Bxd3 20. Qxd3 g6 21. h3 h5 22. Qb5 b6 23. Rab1 Rfb8 24. Rfc1 h4 25. Rc6 Qd8 26. Ne2 Ra5 27. Qb4 Ra2 28. Nf4 b5 29. Rd6 Qe7 30. Nxd5 Nxd5 31. Rxd5 Qf6 32. Rf1 Qc6 33. Rc5 Qb6 34. Qb3 Qa6 35. Rb1 b4 36. Qc4 Qa3 37. Rc6 Kg7 38. Qc5 Qd3 39. Qe5+ Kh7 40. Rf1 Rb7 41. Qf6 Ra5 42. Rc8 Ra8 43. Rxa8 1-0

[Event "Titled Tuesday intern op 28th Jan Early"]
[Site "Chess.com INT"]
[Date "2025.01.28"]
[Round "3"]
[White "Ohler, Julius"]
[Black "Manish, Anto Cristiano F"]
[Result "1-0"]
[WhiteElo "2235"]
[BlackElo "2328"]
[PlyCount "103"]
[EventDate "2025.01.28"]
[EventType "swiss (blitz)"]
[EventRounds "11"]
[EventCountry "USA"]
[SourceTitle "CB06_2025"]
[SourceDate "2025.02.05"]
[SourceVersion "1"]
[SourceVersionDate "2025.02.05"]
[SourceQuality "1"]

1. c4 d6 2. g3 g5 3. Bg2 Bg7 4. d3 h6 5. Nc3 e5 6. Nf3 f5 7. 0-0 Nf6 8. Rb1 a5 9. a3 0-0 10. b4 axb4 11. axb4 Be6 12. Nd2 Qc8 13. Nb3 Nbd7 14. f4 exf4 15. gxf4 Ng4 16. Nd5 c6 17. Ne7+ Kh7 18. Nxc8 Raxc8 19. fxg5 hxg5 20. Bxg5 Rg8 21. Bf4 Be5 22. Qd2 Ndf6 23. h3 Bxf4 24. Qxf4 Nh5 25. Qf3 Ngf6 26. Nd4 Bd7 27. Nxf5 Rg5 28. e4 Rcg8 29. Rb2 Bxf5 30. exf5 Rg3 31. Qd1 Rxh3 32. Rf3 Rh4 33. Qe1 Rhg4 34. Qe7+ R8g7 35. Qe3 Ng3 36. b5 c5 37. b6 R4g5 38. Ra2 Nxf5 39. Qf4 Kg6 40. Raf2 Re7 41. Qxf5+ Rxf5 42. Rxf5 Ng4 43. Rf1 Ne3 44. Be4 Nxf5 45. Rxf5 Kg7 46. Kf2 Re8 47. Ke3 Ra8 48. Rd5 Rb8 49. Rxd6 Kf8 50. Rd7 Ke8 51. Rxb7 Rd8 52. Rc7 1-0

[Event "Titled Tuesday intern op 28th Jan Early"]
[Site "Chess.com INT"]
[Date "2025.01.28"]
[Round "8"]
[White "Olsson, Linus"]
[Black "Manish, Anto Cristiano F"]
[Result "0-1"]
[WhiteElo "2166"]
[BlackElo "2328"]
[PlyCount "80"]
[EventDate "2025.01.28"]
[EventType "swiss (blitz)"]
[EventRounds "11"]
[EventCountry "USA"]
[SourceTitle "CB06_2025"]
[SourceDate "2025.02.05"]
[SourceVersion "1"]
[SourceVersionDate "2025.02.05"]
[SourceQuality "1"]

1. d4 f5 2. g3 Nf6 3. Bg2 e6 4. Nh3 d5 5. 0-0 Be7 6. b3 0-0 7. Ba3 Bd7 8. Bxe7 Qxe7 9. Nd2 c5 10. Nf3 Nc6 11. e3 Ne4 12. c4 dxc4 13. bxc4 cxd4 14. exd4 Na5 15. Rc1 Rac8 16. c5 Bc6 17. Nf4 g5 18. Nd3 b6 19. Nfe5 Bd5 20. Qa4 Nc6 21. cxb6 Nxe5 22. Nxe5 axb6 23. h3 Ra8 24. Qb5 Rxa2 25. Qxb6 Nxg3 26. Bxd5 Ne2+ 27. Kh2 exd5 28. Rc7 Qf6 29. Qb3 Ra5 30. Qe3 Nf4 31. Rg1 Kh8 32. Nf3 Nxh3 33. Kxh3 g4+ 34. Kh2 gxf3 35. Rgg7 Qh4+ 36. Kg1 Ra1+ 37. Rc1 Rxc1+ 38. Qxc1 Kxg7 39. Qc7+ Kh8 40. Qe5+ Qf6 0-1

[Event "Goa op"]
[Site "Taleigao"]
[Date "2025.01.18"]
[Round "9"]
[White "Das, Sayantan"]
[Black "Manish, Anto Cristiano F"]
[Result "0-1"]
[WhiteElo "2434"]
[BlackElo "2328"]
[PlyCount "86"]
[EventDate "2025.01.11"]
[EventType "swiss"]
[EventRounds "10"]
[EventCountry "IND"]
[SourceTitle "CB04_2025"]
[SourceDate "2025.01.22"]
[SourceVersion "1"]
[SourceVersionDate "2025.01.22"]
[SourceQuality "1"]

1. e4 e5 2. Nc3 Nf6 3. d4 exd4 4. Qxd4 Nc6 5. Qd3 Bb4 6. Bd2 0-0 7. 0-0-0 d6 8. Qg3 Ne5 9. f3 Kh8 10. Nge2 c6 11. Bg5 h6 12. h4 Qe7 13. f4 Neg4 14. f5 d5 15. Bxf6 Nxf6 16. e5 Ng8 17. Qf4 Re8 18. Re1 Ba5 19. Nd4 Bc7 20. Nf3 f6 21. Qg4 fxe5 22. Qg6 Rf8 23. Bd3 e4 24. g4 Qf7 25. Qxf7 Rxf7 26. Ng5 Bf4+ 27. Kd1 Bxg5 28. hxg5 Bxf5 29. gxf5 exd3 30. f6 gxf6 31. g6 Rg7 32. Reg1 dxc2+ 33. Kxc2 Re8 34. Kd2 Rge7 35. Rh2 Re5 36. Ne2 Rg5 37. Rhg2 Re4 38. Rxg5 fxg5 39. Rf1 Kg7 40. Rf7+ Kxg6 41. Rxb7 Re7 42. Rb8 Nf6 43. Rc8 c5 0-1

[Event "Chennai op 15th"]
[Site "Chennai"]
[Date "2025.01.08"]
[Round "9"]
[White "Sammed Jaykumar, Shete"]
[Black "Manish, Anto Cristiano F"]
[Result "1-0"]
[WhiteElo "2379"]
[BlackElo "2328"]
[PlyCount "55"]
[EventDate "2025.01.02"]
[EventType "swiss"]
[EventRounds "10"]
[EventCountry "IND"]
[SourceTitle "CB03_2025"]
[SourceDate "2025.01.15"]
[SourceVersion "1"]
[SourceVersionDate "2025.01.15"]
[SourceQuality "1"]

1. e4 e5 2. Nf3 Nc6 3. Bc4 Bc5 4. c3 Nf6 5. d3 0-0 6. Bb3 d6 7. h3 a5 8. 0-0 h6 9. Re1 Ba7 10. Nbd2 Be6 11. Bc2 Ne7 12. Nf1 Ng6 13. Ng3 c5 14. Be3 d5 15. d4 Nxe4 16. Nxe4 dxe4 17. Nxe5 cxd4 18. Bxd4 Nxe5 19. Bxe5 e3 20. fxe3 Qg5 21. Bd4 Bxh3 22. Qf3 Bg4 23. Qxb7 Bb8 24. Qe4 g6 25. Rf1 Bg3 26. Rxf7 Rxf7 27. Qxa8+ Rf8 28. Bb3+ 1-0

[Event "Groningen op 60th"]
[Site "Groningen"]
[Date "2024.12.29"]
[Round "8"]
[White "Pham, Khoi"]
[Black "Manish, Anto Cristiano F"]
[Result "0-1"]
[WhiteElo "2285"]
[BlackElo "2296"]
[PlyCount "90"]
[EventDate "2024.12.21"]
[EventType "swiss"]
[EventRounds "9"]
[EventCountry "NED"]
[SourceTitle "CB02_2025"]
[SourceDate "2025.01.08"]
[SourceVersion "1"]
[SourceVersionDate "2025.01.08"]
[SourceQuality "1"]

1. d4 Nf6 2. c4 e6 3. g3 d5 4. Bg2 dxc4 5. Nf3 Nc6 6. Qa4 Bb4+ 7. Bd2 Nd5 8. Qc2 Nb6 9. Bxb4 Nxb4 10. Qc3 Qe7 11. Na3 N4d5 12. Qa5 0-0 13. 0-0 Bd7 14. Ne5 Rfc8 15. Qc5 Qd8 16. Naxc4 Nxc4 17. Qxc4 Be8 18. Rfd1 c6 19. Rac1 Qe7 20. Qc5 Kf8 21. Qc2 Kg8 22. Qb3 Rd8 23. e4 Nb6 24. a4 c5 25. dxc5 Nxa4 26. Rxd8 Rxd8 27. Qa3 b6 28. b4 bxc5 29. bxc5 Rc8 30. Rc4 Rxc5 31. Nd3 Rc7 32. Rxa4 Bxa4 33. Qxa4 Qd7 34. Qb3 a5 35. Ne5 a4 36. Qb4 Rc1+ 37. Bf1 Qa7 38. Qb5 Rc8 39. Bc4 a3 40. Qb3 Rb8 41. Qf3 Qc7 42. Qh5 Ra8 43. Ba2 Ra5 44. f4 Rb5 45. Bxe6 Qb6+ 0-1

[Event "Groningen op 60th"]
[Site "Groningen"]
[Date "2024.12.27"]
[Round "6"]
[White "Kazakouski, Valery"]
[Black "Manish, Anto Cristiano F"]
[Result "0-1"]
[WhiteElo "2567"]
[BlackElo "2296"]
[PlyCount "172"]
[EventDate "2024.12.21"]
[EventType "swiss"]
[EventRounds "9"]
[EventCountry "NED"]
[SourceTitle "CB02_2025"]
[SourceDate "2025.01.08"]
[SourceVersion "1"]
[SourceVersionDate "2025.01.08"]
[SourceQuality "1"]

1. e4 e5 2. Nf3 Nc6 3. Bc4 Bc5 4. c3 Nf6 5. d3 0-0 6. Bg5 h6 7. Bh4 Be7 8. a4 d6 9. Nbd2 Nh7 10. Bxe7 Qxe7 11. 0-0 Kh8 12. d4 Bg4 13. Qc2 Ng5 14. Nxg5 hxg5 15. Qd3 g6 16. Bd5 Bd7 17. a5 a6 18. Rfe1 Kg7 19. b4 Rh8 20. Rad1 g4 21. Qg3 Rh4 22. Bxc6 Bxc6 23. Nf1 Rah8 24. c4 exd4 25. Rxd4 R8h5 26. Qc3 Kg8 27. Qg3 Kg7 28. Qc3 f6 29. Rd3 Qe5 30. Ng3 Rg5 31. Qd2 Qe6 32. f4 gxf3 33. Rxf3 Qxc4 34. Ref1 Rxe4 35. Nxe4 Qxe4 36. R3f2 Rd5 37. Qc3 Qd4 38. Qxd4 Rxd4 39. Rb1 Be4 40. Rc1 c6 41. Rb2 f5 42. Kf2 d5 43. g3 Rd3 44. Ke2 Ra3 45. Kd2 Rd3+ 46. Ke2 Kf7 47. Rf1 Ke6 48. Rc1 Ra3 49. Kd2 Rd3+ 50. Ke2 Kd6 51. Rd1 Ra3 52. Rc1 Ke5 53. Re1 Kd4 54. Rc1 Rc3 55. Kd2 Rxc1 56. Kxc1 Kc3 57. h4 d4 58. Rd2 d3 59. Rb2 Bd5 60. Rf2 Bh1 61. Ra2 Bd5 62. Rf2 Bb3 63. Rf3 Bc4 64. Rf2 Bb5 65. Rb2 Ba4 66. Rf2 Bc2 67. Rf3 Kxb4 68. h5 gxh5 69. Rxf5 c5 70. Rf7 c4 71. Rxb7+ Kc3 72. Rd7 Ba4 73. Rd6 Bb5 74. Rd5 Bc6 75. Rd6 Be4 76. Rd8 Bc6 77. Rd6 Bb5 78. Rd5 Kb4 79. Rxh5 c3 80. Rd5 Kxa5 81. Rd4 Kb6 82. g4 Kc5 83. Rf4 d2+ 84. Kd1 Bc4 85. Rf5+ Kc6 86. Rf6+ Kc7 0-1

[Event "Groningen op 60th"]
[Site "Groningen"]
[Date "2024.12.26"]
[Round "5"]
[White "Manish, Anto Cristiano F"]
[Black "Mitusov, Semen"]
[Result "1/2-1/2"]
[WhiteElo "2296"]
[BlackElo "2465"]
[PlyCount "108"]
[EventDate "2024.12.21"]
[EventType "swiss"]
[EventRounds "9"]
[EventCountry "NED"]
[SourceTitle "CB02_2025"]
[SourceDate "2025.01.08"]
[SourceVersion "1"]
[SourceVersionDate "2025.01.08"]
[SourceQuality "1"]

1. e4 e5 2. Nf3 Nc6 3. Bb5 a6 4. Ba4 Nf6 5. 0-0 Be7 6. Re1 b5 7. Bb3 0-0 8. a4 Bb7 9. d3 d6 10. c3 Na5 11. Bc2 c5 12. d4 cxd4 13. cxd4 b4 14. Nbd2 Nd7 15. b3 exd4 16. Nxd4 Bf6 17. Bb2 Qb6 18. Nf1 Rfe8 19. Ne3 g6 20. Qd2 Bg7 21. Ng4 d5 22. Nh6+ Kf8 23. Qf4 Ne5 24. Nf3 Qf6 25. Bxe5 Qxf4 26. Bxf4 Bxa1 27. Rxa1 dxe4 28. Ne1 Re6 29. Ng4 Rc8 30. Rd1 Ke7 31. Bg5+ f6 32. Nxf6 Rxf6 33. Rd4 h6 34. Bxf6+ Kxf6 35. Rxb4 Ke5 36. Kf1 g5 37. Ke2 Bd5 38. Rb6 Nc6 39. b4 h5 40. Bd1 Nd4+ 41. Kd2 Rf8 42. f3 exf3 43. gxf3 Bxf3 44. Nxf3+ Nxf3+ 45. Ke3 Nxh2 46. Bxh5 Nf1+ 47. Kd3 Rf4 48. a5 g4 49. Rg6 Rxb4 50. Bxg4 Ra4 51. Bc8 Ra3+ 52. Ke2 Ng3+ 53. Kd1 Ne4 54. Rxa6 Nd6 1/2-1/2

[Event "Budapest One Week GM-B 12"]
[Site "Budapest"]
[Date "2024.12.19"]
[Round "8"]
[White "Bodi, Tibor"]
[Black "Manish, Anto Cristiano F"]
[Result "0-1"]
[WhiteElo "2310"]
[BlackElo "2296"]
[PlyCount "112"]
[EventDate "2024.12.16"]
[EventType "tourn"]
[EventRounds "9"]
[EventCountry "HUN"]
[EventCategory "6"]
[SourceTitle "CB52_2024"]
[SourceDate "2024.12.25"]
[SourceVersion "1"]
[SourceVersionDate "2024.12.25"]
[SourceQuality "1"]

1. Nc3 c5 2. Nf3 Nf6 3. d4 cxd4 4. Nxd4 Nc6 5. g3 g6 6. Bg2 Bg7 7. 0-0 0-0 8. Nb3 d6 9. h3 Bd7 10. e4 Rc8 11. Nd5 Ne5 12. Re1 Nc4 13. c3 e6 14. Ne3 b5 15. Nxc4 bxc4 16. Nd4 Qb6 17. Qe2 e5 18. Nc2 Rfd8 19. Na3 Be6 20. Kh2 h6 21. Rd1 Qc7 22. Be3 Qb7 23. Qc2 d5 24. exd5 Bxd5 25. Bxd5 Nxd5 26. Re1 f5 27. Rad1 Qf7 28. Bc1 e4 29. Nb5 a6 30. Nd4 Re8 31. Qd2 Rcd8 32. Qe2 f4 33. Rf1 Rc8 34. Qg4 h5 35. Qe2 h4 36. gxf4 Nxf4 37. Qg4 Nd3 38. Be3 Rc5 39. Rg1 Kh7 40. Rg2 Rh5 41. Rdg1 Bxd4 42. Bxd4 Nf4 43. Be3 Nxg2 44. Qxg2 Rf5 45. Qg4 Rxf2+ 46. Bxf2 Qxf2+ 47. Rg2 Qf6 48. Qe2 e3 49. Qxc4 e2 50. Rxe2 Qd6+ 51. Kg1 Qg3+ 52. Kh1 Qxh3+ 53. Kg1 Qg3+ 54. Kh1 Qf3+ 55. Rg2 Qh3+ 56. Rh2 Re1+ 0-1